000 01036nam2a22002531 4500
001 v19\rc\1629556
005 20250618202556.0
035 _a(NLR Aleph) 004693883
090 _a3972418
_c3972418
100 _a20061002d1907 |||y0rusy50 ca
101 0 _arus
102 _aRU
105 _ay z |||||
200 0 _aТ. 4
210 _d1907
_aБ. м.
215 _a144 с.
461 0 _1001v19\rc\1629552
_12001#$aКаталог книг и периодических изданий Пермской городской общественной библиотеки$e[Т. 1]$vТ. 4
_93972368
_aПермская гор. общественная б-ка
_cПермь
_d1899-1911
_o[Т. 1]
_tКаталог книг и периодических изданий Пермской городской общественной библиотеки
_vТ. 4
801 0 _aRU
_bNLR
_gpsbo
801 0 _aRU
_bRuMoRGB
_2psbo
801 1 _aRU
_bProSoft-M
_2rusmarc
852 _aNLR
_bБ
_j9420/П-275
899 _aRuMoRGB
_jR 11/183
942 _cBOOK
980 _aNB